[Event "IMSA Masters Blitz Women"]
[Site "Hengshui CHN"]
[Date "2019.05.18"]
[Round "13.1"]
[White "Gunina, Valentina"]
[Black "Koneru, Humpy"]
[Result "1-0"]
[WhiteTitle "GM"]
[BlackTitle "GM"]
[WhiteElo "2506"]
[BlackElo "2553"]
[WhiteFideId "4167570"]
[BlackFideId "5008123"]
[EventDate "2019.05.17"]

1. e4 e5 2. Nf3 Nf6 3. Nxe5 d6 4. Nf3 Nxe4 5. Bd3 Nf6 6. O-O Be7 7. Nc3 O-O 8.
b3 Bg4 9. h3 Bh5 10. Bb2 Re8 11. Be2 Nbd7 12. d4 d5 13. Qd2 Bb4 14. Qd1 c6 15.
Bd3 Ne4 16. Na4 b5 17. a3 Bxf3 18. Qxf3 Nd2 19. Qg4 Nf6 20. Qf5 Nxf1 21. axb4
bxa4 22. bxa4 Nd2 23. Rd1 Nde4 24. Bc1 Nd6 25. Qf3 h6 26. Bf4 Nde4 27. Be5 Nd7
28. Bf4 Qf6 29. Be3 Qxf3 30. gxf3 Nef6 31. a5 g5 32. c3 Rab8 33. Kg2 Nf8 34. h4
gxh4 35. Bxh6 Ng6 36. f4 Nh5 37. Kf3 Kh7 38. Bg5 Kg7 39. Rg1 Kf8 40. f5 f6 41.
Bh6+ Ke7 42. fxg6 Rh8 43. Bd2 Rbg8 44. Re1+ Kd6 45. c4 dxc4 46. Bxc4 Rxg6 47. b5
cxb5 48. Bb4+ Kc7 49. Re7+ Kd8 50. Bxb5 Rg7 51. Re6 Rb7 52. Rd6+ Kc7 53. Rc6+
Kb8 54. Bd6+ Ka8 55. Rc5 Rxb5 56. Rxb5 Rd8 57. Rxh5 Rxd6 58. Rxh4 Rd5 59. a6 Kb8
60. Ke4 Rd6 61. Kf5 Rxa6 62. d5 Rd6 63. Rd4 Kc7 64. Ke4 Kb6 65. Rb4+ Kc5 66. Ra4
a6 67. Ra1 Kb5 68. Kd4 a5 69. Rb1+ Ka6 70. Kc5 Rd8 71. d6 Rc8+ 72. Kd5 Rc2 73.
d7 Rd2+ 74. Kc6 a4 75. Rb8 Rc2+ 76. Kd6 Rd2+ 77. Ke6 Ka5 78. d8=Q+ Rxd8 79. Rxd8
a3 80. Ra8+ Kb4 81. Kxf6 1-0

[Event "IMSA Masters Blitz Women"]
[Site "Hengshui CHN"]
[Date "2019.05.18"]
[Round "13.2"]
[White "Tan, Zhongyi"]
[Black "Lei, Tingjie"]
[Result "1/2-1/2"]
[WhiteTitle "GM"]
[BlackTitle "GM"]
[WhiteElo "2513"]
[BlackElo "2507"]
[WhiteFideId "8603642"]
[BlackFideId "8605114"]
[EventDate "2019.05.17"]

1. c4 e6 2. Nc3 d5 3. d4 Nf6 4. Bg5 dxc4 5. e3 c5 6. dxc5 Nbd7 7. c6 bxc6 8.
Bxc4 Qb6 9. Qb3 Nd5 10. Nge2 Ne5 11. Bxd5 cxd5 12. Qxb6 axb6 13. Nb5 Bb4+ 14.
Nec3 Kd7 15. O-O Ba6 16. Rfd1 Bxc3 17. Nxc3 f6 18. Bf4 Nd3 19. b3 Nxf4 20. exf4
g6 21. Na4 Rab8 22. Rd2 Bb5 23. Nc3 Bc6 24. f3 Ke7 25. Kf2 Rhc8 26. Re1 Kf7 27.
Ne2 Bd7 28. Nd4 b5 29. Rde2 Rb6 30. g4 b4 31. g5 Ra6 32. Rd1 Rca8 33. Rdd2 R8a7
34. h4 Ra8 35. Rc2 R8a7 36. Kg3 Ra5 37. Re1 Rxa2 38. Rxa2 Rxa2 39. Rc1 Rd2 40.
Rc7 Ke8 41. Nc2 fxg5 42. hxg5 Rd3 43. Nxb4 Rxb3 44. Na6 Rb6 45. Nc5 Rc6 46. Rxd7
Rxc5 47. Rxh7 d4 48. Rg7 d3 49. Kf2 Rd5 50. Ke1 Rd4 51. Rxg6 Rxf4 52. Rxe6+ Kf7
53. Re3 Kg6 54. Rxd3 Kxg5 55. Kf2 Ra4 56. Kg3 Kf5 57. Rd5+ Ke6 58. Rb5 Kf6 59.
f4 Ra1 60. Kf3 Ra3+ 61. Kg4 Ra1 62. Rb6+ Kg7 63. Kg5 Rg1+ 64. Kf5 Ra1 65. Rb7+
Kf8 66. Kg6 Ra6+ 67. Kg5 Kg8 68. f5 Kf8 69. Rc7 Kg8 70. Rc8+ Kf7 71. Rc7+ Kf8
72. Rb7 Kg8 73. Re7 Kf8 74. Re6 Rxe6 1/2-1/2

[Event "IMSA Masters Blitz Women"]
[Site "Hengshui CHN"]
[Date "2019.05.18"]
[Round "13.4"]
[White "Paehtz, Elisabeth"]
[Black "Harika, Dronavalli"]
[Result "1/2-1/2"]
[WhiteTitle "IM"]
[BlackTitle "GM"]
[WhiteElo "2470"]
[BlackElo "2492"]
[WhiteFideId "4641833"]
[BlackFideId "5015197"]
[EventDate "2019.05.17"]

1. d4 Nf6 2. Nf3 d6 3. c3 Nbd7 4. Bg5 e5 5. e3 Be7 6. Be2 O-O 7. O-O h6 8. Bh4
Ne4 9. Bxe7 Qxe7 10. Nbd2 Ndf6 11. Nxe4 Nxe4 12. Nd2 Nxd2 13. Qxd2 f5 14. f4 c6
15. dxe5 dxe5 16. Rad1 Be6 17. Qd6 Rae8 18. a3 Bd5 19. Qxe7 Rxe7 20. Bf3 Bxf3
21. Rxf3 exf4 22. exf4 Re2 23. Rf2 Rfe8 24. Kf1 R2e4 25. g3 R8e7 26. Rfd2 Kf7
27. Rd7 g5 28. Rxe7+ Rxe7 29. Kf2 g4 30. Rd6 Re6 31. Rd7+ Re7 32. Rd6 Re6 33.
Rd7+ Re7 34. Rd6 1/2-1/2

[Event "IMSA Masters Blitz Women"]
[Site "Hengshui CHN"]
[Date "2019.05.18"]
[Round "13.6"]
[White "Abdumalik, Zhansaya"]
[Black "Khotenashvili, Bela"]
[Result "1/2-1/2"]
[WhiteTitle "IM"]
[BlackTitle "GM"]
[WhiteElo "2464"]
[BlackElo "2476"]
[WhiteFideId "13703544"]
[BlackFideId "13602640"]
[EventDate "2019.05.17"]

1. e4 c6 2. d4 g6 3. Nd2 Bg7 4. c3 d6 5. Ngf3 Nf6 6. h3 O-O 7. Bd3 Nbd7 8. a4 a5
9. O-O e5 10. Re1 Nh5 11. dxe5 Nxe5 12. Bf1 Nf4 13. Nc4 Nxc4 14. Bxc4 Ne6 15.
Be3 Qc7 16. Qe2 Bd7 17. Rad1 Rad8 18. Qc2 Bc8 19. Qb3 Nc5 20. Bxc5 dxc5 21. Ng5
Rxd1 22. Rxd1 h6 23. Nxf7 Kh7 24. Nd6 Qe7 25. Qc2 b6 26. Nxc8 Rxc8 27. Qd3 Re8
28. Re1 Rd8 29. Qe3 Re8 30. f4 g5 31. fxg5 Qxg5 32. Qxg5 hxg5 33. Rd1 b5 34.
axb5 cxb5 35. Bxb5 Rb8 36. c4 Bxb2 37. Rd7+ Kg6 38. Ra7 Bc3 39. Ra6+ Kf7 40. Kf2
Rd8 41. Kf3 Rd2 42. g3 Rd3+ 43. Kg4 Be1 44. Kxg5 Rxg3+ 45. Kf5 Rf3+ 46. Ke5 Rxh3
47. Ra7+ Kf8 48. Kd5 Bf2 49. Rxa5 Rd3+ 50. Ke6 Re3 51. Bc6 Rd3 52. Bd5 Rh3 53.
Ra8+ Kg7 54. Kd7 Bd4 55. Be6 Rf3 56. Bf5 Rb3 57. Ke6 Rb6+ 58. Kd5 Rb2 59. e5 Re2
60. Re8 Kf7 61. Re6 Rf2 62. Bg6+ Kg7 63. Bh5 Rh2 64. Bf3 Rf2 65. Be4 Ra2 66. Rb6
Rd2 67. e6 Kf6 68. Ra6 Bf2+ 69. Kc6 Kxe6 70. Bd5+ Ke5 71. Ra7 Bd4 72. Rf7 Rf2
73. Rh7 Rf6+ 74. Kb5 Kf4 75. Rh3 Ke5 76. Rh4 Rf4 77. Rh5+ Rf5 78. Rh6 Rf6 79.
Rh7 Rf1 80. Re7+ Kd6 81. Re6+ Kd7 82. Rg6 Rb1+ 83. Ka5 Bc3+ 84. Ka4 Bd4 85. Ka5 1/2-1/2

[Event "IMSA Masters Blitz Women"]
[Site "Hengshui CHN"]
[Date "2019.05.18"]
[Round "13.7"]
[White "Muzychuk, Mariya"]
[Black "Zhao, Xue"]
[Result "0-1"]
[WhiteTitle "GM"]
[BlackTitle "GM"]
[WhiteElo "2563"]
[BlackElo "2485"]
[WhiteFideId "14114550"]
[BlackFideId "8601283"]
[EventDate "2019.05.17"]

1. e4 Nf6 2. e5 Nd5 3. d4 d6 4. Nf3 dxe5 5. Nxe5 c6 6. Bc4 Nd7 7. Qe2 Nxe5 8.
dxe5 Bf5 9. O-O e6 10. Rd1 Qh4 11. Nc3 Bc5 12. Nxd5 exd5 13. Bxd5 O-O-O 14. g3
Qa4 15. Bb3 Rxd1+ 16. Qxd1 Qe4 17. Bf4 Bh3 0-1

[Event "IMSA Masters Blitz Women"]
[Site "Hengshui CHN"]
[Date "2019.05.18"]
[Round "13.8"]
[White "Bodnaruk, Anastasia"]
[Black "Ushenina, Anna"]
[Result "0-1"]
[WhiteTitle "IM"]
[BlackTitle "GM"]
[WhiteElo "2431"]
[BlackElo "2442"]
[WhiteFideId "4181751"]
[BlackFideId "14110911"]
[EventDate "2019.05.17"]

1. e4 c6 2. d4 d5 3. e5 c5 4. c3 Nc6 5. Be2 Nh6 6. Bxh6 gxh6 7. Nf3 Rg8 8. g3
cxd4 9. cxd4 Bh3 10. Nc3 e6 11. Qd2 Qb6 12. Rd1 Rc8 13. Bf1 Bg4 14. Bg2 Na5 15.
Na4 Qb5 16. Nc3 Qb4 17. O-O Nc4 18. Qe2 Qxb2 19. Qxb2 Nxb2 20. Rc1 Kd7 21. Nb5
a6 22. Rxc8 Kxc8 23. Rc1+ Nc4 24. Nc3 Ba3 25. Rc2 Bf5 26. Re2 b5 27. Nh4 Bd3 28.
Re1 Kd7 29. f4 Rc8 30. f5 Bb4 31. Rc1 Ne3 32. fxe6+ fxe6 33. Re1 Bxc3 34. Rxe3
Bxd4 35. Kf2 Rc2+ 36. Kf3 Bxe3 37. Kxe3 Bg6 38. g4 Rxa2 39. Kd4 Kc6 40. h3 b4
41. Bf3 a5 42. Bg2 Rd2+ 43. Ke3 Rd3+ 44. Ke2 Rc3 45. Kd2 Rc2+ 46. Ke3 b3 0-1

[Event "IMSA Masters Blitz Women"]
[Site "Hengshui CHN"]
[Date "2019.05.18"]
[Round "14.1"]
[White "Koneru, Humpy"]
[Black "Gunina, Valentina"]
[Result "1-0"]
[WhiteTitle "GM"]
[BlackTitle "GM"]
[WhiteElo "2553"]
[BlackElo "2506"]
[WhiteFideId "5008123"]
[BlackFideId "4167570"]
[EventDate "2019.05.17"]

1. d4 Nf6 2. c4 e6 3. Nf3 d5 4. Nc3 a6 5. cxd5 exd5 6. Qb3 b5 7. Bg5 Be6 8. a4
b4 9. Bxf6 Qxf6 10. Nxd5 Qd8 11. e4 c6 12. Qe3 cxd5 13. exd5 Qxd5 14. Rc1 Be7
15. Bd3 Qd8 16. Be4 Ra7 17. d5 Bxd5 18. Bxd5 Rc7 19. Bxf7+ Kxf7 20. Qf4+ Ke8 21.
Qxc7 Nd7 22. O-O Rf8 23. Rfd1 Rf6 24. Qb7 Rb6 25. Qe4 Qb8 26. Qxh7 Bf6 27. Qg8+
Nf8 28. Re1+ Kd7 29. Qf7+ 1-0

[Event "IMSA Masters Blitz Women"]
[Site "Hengshui CHN"]
[Date "2019.05.18"]
[Round "14.2"]
[White "Lei, Tingjie"]
[Black "Tan, Zhongyi"]
[Result "1-0"]
[WhiteTitle "GM"]
[BlackTitle "GM"]
[WhiteElo "2507"]
[BlackElo "2513"]
[WhiteFideId "8605114"]
[BlackFideId "8603642"]
[EventDate "2019.05.17"]

1. e4 e5 2. Nf3 Nc6 3. d4 exd4 4. Nxd4 Nf6 5. Nxc6 bxc6 6. e5 Qe7 7. Qe2 Nd5 8.
h4 Bb7 9. Bg5 f6 10. exf6 gxf6 11. Qxe7+ Bxe7 12. Bd2 Nb4 13. Na3 c5 14. c3 Nd5
15. Nc4 O-O-O 16. O-O-O Nb6 17. Ne3 Rhg8 18. Nf5 Bf8 19. f3 h5 20. c4 d5 21.
cxd5 Bxd5 22. b3 Be6 23. Ne3 Bd6 24. Ba6+ Kb8 25. Kc2 Bf4 26. Rhg1 Rg7 27. g4
hxg4 28. fxg4 Rgd7 29. Bc1 Bxe3 30. Bxe3 Rxd1 31. Rxd1 Rxd1 32. Kxd1 Nd5 33.
Bxc5 Bxg4+ 34. Kd2 f5 35. Bc4 Nf4 36. Be3 Ng2 37. Bf2 Nf4 38. Bf7 Kc8 39. Be3
Nh5 40. Be6+ Kd8 41. Bg5+ Ke8 42. Be3 a6 43. Bc4 f4 44. Bf2 Nf6 45. Bxa6 Ne4+
46. Ke1 Kd7 47. Bb5+ c6 48. Bd3 Nc3 49. a4 Kc7 50. a5 Nd5 51. a6 Nb4 52. Bc4
Nc2+ 53. Kd2 Nb4 54. a7 Kb7 55. Bf7 Nd5 56. h5 Bf5 57. h6 Nf6 58. Bd4 Ne4+ 59.
Ke2 c5 60. Be5 Kxa7 61. Bxf4 Nf6 62. Be5 Nh7 63. Ke3 Kb6 64. Kf4 Bc2 65. Be6 Nf8
66. Bf5 Bxb3 67. Bg7 Bg8 68. Bxf8 c4 69. Bb4 Kb5 70. Bc3 Ka4 71. Kg5 Kb3 72. Be5
c3 73. Bxc3 Kxc3 74. Kf6 Kd4 75. Kg7 1-0

[Event "IMSA Masters Blitz Women"]
[Site "Hengshui CHN"]
[Date "2019.05.18"]
[Round "14.7"]
[White "Zhao, Xue"]
[Black "Muzychuk, Mariya"]
[Result "1/2-1/2"]
[WhiteTitle "GM"]
[BlackTitle "GM"]
[WhiteElo "2485"]
[BlackElo "2563"]
[WhiteFideId "8601283"]
[BlackFideId "14114550"]
[EventDate "2019.05.17"]

1. c4 c5 2. Nc3 Nc6 3. g3 g6 4. Bg2 Bg7 5. e3 e6 6. Nge2 Nge7 7. O-O O-O 8. Nf4
b6 9. d3 Bb7 10. a3 d6 11. Rb1 Qd7 12. Bd2 Ne5 13. e4 a5 14. b4 axb4 15. axb4
N7c6 16. bxc5 bxc5 17. Nb5 Ba6 18. Be3 Rfb8 19. Ne2 Nb4 20. f4 Nexd3 21. Nec3
Bxb5 22. Nxb5 Ra2 23. Rb3 Nb2 24. Qxd6 Qxd6 25. Nxd6 Rd8 26. e5 Bf8 27. Bxc5
N4d3 28. Bb6 Rb8 29. Rb1 Ra6 30. c5 Na4 31. Rxd3 Nxc5 32. Bxc5 Rxb1+ 33. Bf1
Raa1 34. Rf3 Rc1 35. Bb4 Rab1 36. Bd2 Rd1 37. Be3 Bxd6 38. exd6 Rxd6 39. Rf2 f6
40. Kg2 Kf7 41. Rc2 Rb7 42. Be2 h5 43. h4 Rdd7 44. Kf2 Rbc7 45. Ra2 Rb7 46. Bf3
Rb3 47. Be2 Rdb7 48. Bd4 R3b4 49. Bf3 Rd7 50. Bc5 Rc4 51. Be3 Rdc7 52. Bd1 Rb4
53. Bf3 Rbc4 54. Bd1 Rb4 55. Bd2 Rd4 56. Bf3 Rcd7 57. Ke2 Rc4 58. Rb2 Rcd4 59.
Be3 Rc4 60. Ra2 Rdc7 61. Ra7 Rxa7 62. Bxa7 Rc2+ 63. Ke3 Rc3+ 64. Kf2 Rc2+ 65.
Be2 Ra2 66. Bd4 Rd2 67. Ke3 Ra2 68. Bd3 Rg2 69. Kf3 Rd2 70. Ke3 Rg2 71. Kf3 Rd2
72. Ke4 Rg2 73. Kf3 Rd2 1/2-1/2

[Event "IMSA Masters Blitz Women"]
[Site "Hengshui CHN"]
[Date "2019.05.18"]
[Round "15.1"]
[White "Harika, Dronavalli"]
[Black "Koneru, Humpy"]
[Result "0-1"]
[WhiteTitle "GM"]
[BlackTitle "GM"]
[WhiteElo "2492"]
[BlackElo "2553"]
[WhiteFideId "5015197"]
[BlackFideId "5008123"]
[EventDate "2019.05.17"]

1. g3 Nf6 2. Bg2 d5 3. d3 g6 4. Nf3 Bg7 5. O-O O-O 6. Nbd2 Re8 7. e4 e5 8. c3 c6
9. Qc2 Nbd7 10. Rd1 a5 11. Nf1 b6 12. h3 Qc7 13. Ne3 Bb7 14. Nh2 Rad8 15. b3 Nc5
16. Ba3 Ne6 17. Bb2 Ba6 18. Bf1 Rd7 19. b4 Red8 20. bxa5 bxa5 21. Ba3 Bf8 22.
Bxf8 Kxf8 23. h4 Kg7 24. Nhg4 Nxg4 25. Nxg4 h5 26. Nh2 Nc5 27. exd5 Rxd5 28. d4
Bxf1 29. Nxf1 exd4 30. cxd4 Ne6 31. Ne3 Rxd4 32. Rxd4 Rxd4 33. Qc3 Kh7 34. Rc1
c5 35. Nc4 a4 36. Qe3 Qd8 37. Kh2 Qd5 38. Nb6 Qf5 39. Nc4 Re4 40. Qd2 Nd4 41.
Rc3 Nf3+ 42. Rxf3 Qxf3 43. Ne3 Rd4 44. Qc2 Qf6 45. Kg2 Qc6+ 46. Kh2 c4 47. Qc3
Qc5 48. Kg2 a3 49. Kh2 Qd6 50. Ng2 Re4 51. Qf3 Qe7 52. Nf4 Kg7 53. Nd5 Qe5 54.
Ne3 c3 55. Ng2 c2 56. Qxa3 Rc4 57. Qc1 Qe2 58. Qb2+ Kh7 59. Qf6 Qe6 0-1

[Event "IMSA Masters Blitz Women"]
[Site "Hengshui CHN"]
[Date "2019.05.18"]
[Round "15.6"]
[White "Ushenina, Anna"]
[Black "Khotenashvili, Bela"]
[Result "1-0"]
[WhiteTitle "GM"]
[BlackTitle "GM"]
[WhiteElo "2442"]
[BlackElo "2476"]
[WhiteFideId "14110911"]
[BlackFideId "13602640"]
[EventDate "2019.05.17"]

1. d4 g6 2. e4 Bg7 3. Nf3 c5 4. dxc5 Qa5+ 5. c3 Qxc5 6. Be3 Qc7 7. Na3 Nc6 8.
Be2 d6 9. O-O Nf6 10. Nd2 O-O 11. f4 b6 12. Bf3 Bb7 13. Nb5 Qd7 14. a4 Rac8 15.
Qe2 d5 16. e5 Ne8 17. Rad1 e6 18. c4 a6 19. Nc3 Nb4 20. Bxb6 Bc6 21. a5 Qb7 22.
cxd5 Nxd5 23. Nxd5 exd5 24. Qf2 Nc7 25. Nb3 Ne6 26. Bg4 Ba4 27. Qg3 Rc2 28. Nd4
Nxd4 29. Rxd4 Bb5 30. Rfd1 Bc4 31. b3 Bb5 32. Bf3 Qc6 33. Bxd5 Qc3 34. Qxc3 Rxc3
35. b4 g5 36. Bc5 Re8 37. Ba2 gxf4 38. Rxf4 Bxe5 39. Bxf7+ Kg7 40. Bxe8 Bxf4 41.
Bxb5 axb5 42. a6 Be3+ 43. Bxe3 Rxe3 44. Ra1 Re8 45. Ra5 Ra8 46. Kf2 Kf6 47. Ke3
Ke5 48. Rxb5+ Kd6 49. Ra5 Kc6 50. b5+ Kb6 51. Ra4 Kxb5 52. Rh4 Rxa6 53. Rxh7 Ra2
54. Rg7 Kc5 55. h4 Kd6 56. h5 Ke6 57. g4 Kf6 58. Rg6+ Kf7 59. Kf4 Ra4+ 60. Kg5
Ra5+ 61. Kh6 Ra4 62. Rg7+ Kf8 63. g5 Ra6+ 64. g6 Ra5 65. Rh7 Rb5 66. Rh8+ Ke7
67. Kg7 Rb7 68. Rf8 1-0

[Event "IMSA Masters Blitz Women"]
[Site "Hengshui CHN"]
[Date "2019.05.18"]
[Round "15.8"]
[White "Muzychuk, Mariya"]
[Black "Dzagnidze, Nana"]
[Result "1/2-1/2"]
[WhiteTitle "GM"]
[BlackTitle "GM"]
[WhiteElo "2563"]
[BlackElo "2510"]
[WhiteFideId "14114550"]
[BlackFideId "13601903"]
[EventDate "2019.05.17"]

1. e4 e6 2. d4 d5 3. exd5 exd5 4. Nf3 Bd6 5. h3 Nf6 6. Bd3 O-O 7. O-O h6 8. c4
dxc4 9. Bxc4 Nbd7 10. Nc3 Nb6 11. Bb3 c6 12. Re1 Nbd5 13. Ne5 Qc7 14. Qf3 Be6
15. Bd2 Rfe8 16. Re2 Nxc3 17. bxc3 Bxb3 18. axb3 Bxe5 19. dxe5 Nd7 20. Qg3 Kh8
21. Bf4 Re6 22. Rd1 Rae8 23. Rd6 Nf8 24. Red2 Qb6 25. b4 a5 26. bxa5 Qxa5 27.
Qf3 Ng6 28. Rd7 R8e7 29. Bg3 Nxe5 30. Rd8+ Kh7 31. Qe4+ Ng6 32. Qd4 Qf5 33. Kh2
h5 34. Bd6 Re4 35. Qd3 R7e6 36. f3 Rf4 37. Bxf4 Qxf4+ 38. g3 Qg5 39. h4 Qc5 40.
Re2 Rf6 41. Rd7 b5 42. Rb7 Rd6 43. Qe3 Qc4 44. Rd2 Re6 45. Qg5 Re5 46. Qd8 Qf1
47. f4 Re2+ 48. Rxe2 Qxe2+ 49. Kg1 Qe1+ 50. Kg2 Qe2+ 51. Kg1 Qe3+ 52. Kg2 Qe2+
53. Kg1 Qf3 54. Qg5 f6 55. Qxf6 Qxg3+ 56. Kf1 Qf3+ 57. Kg1 Qg3+ 58. Kf1 Nxf4 59.
Qf5+ Kh6 60. Qg5+ Qxg5 61. hxg5+ Kxg5 62. Rxg7+ Kf5 63. Rc7 Ke4 64. Rxc6 h4 65.
Rc5 Nd5 66. Rxb5 Nxc3 67. Rb4+ Kd3 68. Rxh4 Ne4 69. Rh3+ Kd4 70. Ke2 Nc3+ 71.
Kf3 Nd5 72. Rh4+ Kd3 73. Rh1 Nc3 74. Kf4 Ne2+ 75. Ke5 Nc3 76. Rh3+ Kd2 77. Kd4
Ne2+ 78. Kc4 Nf4 79. Rf3 Ne2 80. Rd3+ Ke1 81. Rf3 Kd2 82. Rh3 Nf4 83. Rh2+ Ke3 1/2-1/2

[Event "IMSA Masters Blitz Women"]
[Site "Hengshui CHN"]
[Date "2019.05.18"]
[Round "16.1"]
[White "Koneru, Humpy"]
[Black "Harika, Dronavalli"]
[Result "1/2-1/2"]
[WhiteTitle "GM"]
[BlackTitle "GM"]
[WhiteElo "2553"]
[BlackElo "2492"]
[WhiteFideId "5008123"]
[BlackFideId "5015197"]
[EventDate "2019.05.17"]

1. d4 e6 2. Nf3 d5 3. c4 Nf6 4. Nc3 c6 5. e3 Nbd7 6. Qc2 Bd6 7. Bd3 O-O 8. O-O
dxc4 9. Bxc4 b5 10. Be2 Qe7 11. b3 Bb7 12. Bb2 a6 13. Ne4 Nxe4 14. Qxe4 Nf6 15.
Qh4 c5 16. Rac1 Rac8 17. Rfd1 cxd4 18. Qxd4 Rxc1 19. Rxc1 Rd8 20. Qh4 e5 21. h3
h6 22. a4 Bxf3 23. Bxf3 Ba3 24. Bxa3 Qxa3 25. Rc6 e4 26. Bxe4 Qa1+ 27. Kh2 Qe5+
28. Qg3 Qxg3+ 29. fxg3 Nxe4 30. Rxa6 bxa4 31. Rxa4 f5 32. g4 Nc3 33. Rc4 Nd5 34.
Rd4 Rd7 35. gxf5 Nf6 36. Rxd7 Nxd7 37. Kg3 Kf7 38. Kf4 Nc5 39. e4 Nxb3 40. e5
Nc5 41. Ke3 Nb3 42. Ke4 Nd2+ 43. Ke3 Nc4+ 44. Kd4 Nd2 45. Ke3 Nb3 46. Ke4 Ke7
47. g4 Nd2+ 48. Ke3 Nb3 49. h4 Na5 50. Kd4 Nc6+ 51. Kd5 Nb4+ 52. Ke4 Nc6 1/2-1/2

[Event "IMSA Masters Blitz Women"]
[Site "Hengshui CHN"]
[Date "2019.05.18"]
[Round "16.6"]
[White "Khotenashvili, Bela"]
[Black "Ushenina, Anna"]
[Result "0-1"]
[WhiteTitle "GM"]
[BlackTitle "GM"]
[WhiteElo "2476"]
[BlackElo "2442"]
[WhiteFideId "13602640"]
[BlackFideId "14110911"]
[EventDate "2019.05.17"]

1. Nf3 d5 2. g3 e6 3. Bg2 c5 4. O-O Nf6 5. d3 Be7 6. Nbd2 O-O 7. e4 b5 8. a4 b4
9. Re1 a5 10. exd5 exd5 11. d4 Ba6 12. dxc5 Bxc5 13. Nb3 Bb6 14. Be3 Nbd7 15.
Nfd4 Rc8 16. Rc1 Ne4 17. Bh3 Re8 18. Nf5 Ndf6 19. Nbd4 Kh8 20. f3 Nc5 21. b3 Ne6
22. Bf2 Rc3 23. Bg2 g6 24. Nh6 Kg7 25. Ng4 Nxd4 26. Rxe8 Nxf3+ 27. Bxf3 Bxf2+
28. Kxf2 Qb6+ 29. Kg2 Nxe8 30. Qxd5 Nf6 31. Qe5 Rc5 32. Qxf6+ Qxf6 33. Nxf6 Kxf6
34. Be4 Ke5 35. Re1 Kd4 36. Kf3 f5 37. Rd1+ Kc3 38. Bd5 Kxc2 39. Bg8 Kxd1 0-1

[Event "IMSA Masters Blitz Women"]
[Site "Hengshui CHN"]
[Date "2019.05.18"]
[Round "16.7"]
[White "Bodnaruk, Anastasia"]
[Black "Zhao, Xue"]
[Result "1-0"]
[WhiteTitle "IM"]
[BlackTitle "GM"]
[WhiteElo "2431"]
[BlackElo "2485"]
[WhiteFideId "4181751"]
[BlackFideId "8601283"]
[EventDate "2019.05.17"]

1. e4 Nf6 2. e5 Nd5 3. d4 d6 4. Nf3 c6 5. c4 Nb6 6. Nc3 Bf5 7. Bf4 dxe5 8. Nxe5
N8d7 9. Be2 Nxe5 10. Bxe5 e6 11. O-O Nd7 12. Bf4 Be7 13. Bd3 Bg6 14. Qe2 O-O 15.
Rad1 Re8 16. Bxg6 hxg6 17. Ne4 Nf6 18. Ng3 Qa5 19. a3 Rad8 20. Rd3 Bd6 21. b4
Qa6 22. Bxd6 Rxd6 23. Qc2 Red8 24. Rfd1 R6d7 25. a4 Qb6 26. Qc3 Qc7 27. h3 g5
28. a5 g4 29. h4 Qf4 30. Ne2 Qf5 31. Ng3 Qh7 32. b5 Qxh4 33. a6 cxb5 34. cxb5
bxa6 35. bxa6 Nd5 36. Qb3 g6 37. R3d2 Kg7 38. Kf1 Rh8 39. Qb5 Nf4 40. Ke1 Nxg2+
41. Ke2 Nf4+ 42. Ke3 Nd5+ 43. Ke2 Qf6 44. Qxd7 Qf3+ 45. Ke1 Nf4 46. Qb7 Ng2+ 47.
Kf1 Ne3+ 48. Ke1 Ng2+ 49. Kf1 Ne3+ 50. Ke1 Nd5 51. Rd3 Qg2 52. Qc6 Qg1+ 53. Ke2
Nf4+ 54. Ke3 Nd5+ 55. Qxd5 Qxg3+ 56. fxg3 exd5 57. Rc3 Re8+ 58. Kd3 Re6 59. Ra1
Rf6 60. Rc7 Rf3+ 61. Ke2 Rxg3 62. Rxa7 Rg2+ 63. Ke3 Rb2 64. Rb7 g3 65. Rxb2 1-0

[Event "IMSA Masters Blitz Women"]
[Site "Hengshui CHN"]
[Date "2019.05.18"]
[Round "16.8"]
[White "Dzagnidze, Nana"]
[Black "Muzychuk, Mariya"]
[Result "0-1"]
[WhiteTitle "GM"]
[BlackTitle "GM"]
[WhiteElo "2510"]
[BlackElo "2563"]
[WhiteFideId "13601903"]
[BlackFideId "14114550"]
[EventDate "2019.05.17"]

1. c4 c5 2. Nf3 Nc6 3. g3 g6 4. Bg2 Bg7 5. Nc3 e6 6. O-O Nge7 7. d3 O-O 8. Bg5
d5 9. cxd5 exd5 10. Qc1 b6 11. Bh6 Bb7 12. Bxg7 Kxg7 13. a3 d4 14. Ne4 Nd5 15.
b4 cxb4 16. axb4 Ndxb4 17. Qb2 a5 18. Ned2 Qf6 19. Nc4 Ba6 20. Nxb6 Ra7 21. Na4
Re8 22. Rfc1 Rae7 23. Bf1 Bxd3 24. exd3 Qxf3 25. Bg2 Qf6 26. Qd2 Re2 27. Qf4 Ne5
28. Bf1 Nexd3 29. Qxf6+ Kxf6 30. Bxe2 Nxc1 31. Bc4 Ne2+ 32. Kf1 Nc3 33. Nc5 a4
34. Nd3 Nxd3 35. Bxd3 Ra8 36. Ke1 a3 37. Kd2 Ke5 38. Kc2 a2 39. Kb2 Rb8+ 40. Ka3
Kd5 41. Bc2 0-1

[Event "IMSA Masters Blitz Women"]
[Site "Hengshui CHN"]
[Date "2019.05.18"]
[Round "17.2"]
[White "Koneru, Humpy"]
[Black "Abdumalik, Zhansaya"]
[Result "0-1"]
[WhiteTitle "GM"]
[BlackTitle "IM"]
[WhiteElo "2553"]
[BlackElo "2464"]
[WhiteFideId "5008123"]
[BlackFideId "13703544"]
[EventDate "2019.05.17"]

1. Nf3 Nf6 2. c4 d6 3. d4 g6 4. g3 Bg7 5. Bg2 O-O 6. O-O Nbd7 7. Qc2 e5 8. Rd1
Qe7 9. Nc3 c6 10. e4 exd4 11. Nxd4 a5 12. b3 Re8 13. Bb2 Nc5 14. Re1 h5 15. h3
Qc7 16. Rad1 Bd7 17. f4 Re7 18. f5 Rae8 19. fxg6 fxg6 20. e5 dxe5 21. Ndb5 0-1

[Event "IMSA Masters Blitz Women"]
[Site "Hengshui CHN"]
[Date "2019.05.18"]
[Round "17.4"]
[White "Tan, Zhongyi"]
[Black "Harika, Dronavalli"]
[Result "0-1"]
[WhiteTitle "GM"]
[BlackTitle "GM"]
[WhiteElo "2513"]
[BlackElo "2492"]
[WhiteFideId "8603642"]
[BlackFideId "5015197"]
[EventDate "2019.05.17"]

1. c4 d6 2. d4 g6 3. Nc3 Bg7 4. g3 Nf6 5. Bg2 O-O 6. Nf3 Nbd7 7. O-O e5 8. h3
Re8 9. e4 exd4 10. Nxd4 Nc5 11. Re1 Bd7 12. Bg5 h6 13. Bf4 h5 14. Bg5 Qc8 15.
Kh2 Nh7 16. Be3 c6 17. Qc2 Ne6 18. Rad1 h4 19. g4 Be5+ 20. Kg1 Nf4 21. Bxf4 Bxf4
22. Nde2 Bh6 23. Rxd6 Bxg4 24. hxg4 Qxg4 25. f3 Qh5 26. Kf2 h3 27. Bh1 Qc5+ 28.
Rd4 Bg7 29. Rd1 Rad8 30. Qd3 Bxd4+ 31. Nxd4 Qh5 32. Qe3 Qh4+ 33. Kf1 Nf6 34.
Nde2 Nh5 35. b3 Ng3+ 36. Nxg3 Qxg3 37. Qf2 Qf4 38. Qe2 Qe5 39. Qe3 Rxd1+ 40.
Nxd1 Rd8 41. Nf2 Qg3 42. e5 Re8 43. Nd3 h2 44. Qf2 Qh3+ 45. Ke2 Qh5 46. Qg3 Rd8
47. Ke3 Qf5 48. Nf2 Qb1 49. Kf4 Qc1+ 50. Kg4 Qg1 51. Kh3 Rd1 52. Qxh2 Qxh2+ 53.
Kxh2 Rd2 54. Kg3 Rxa2 55. Ne4 Rb2 56. Nc5 b6 57. Na6 Rxb3 58. Kg4 Ra3 59. Nb8
Ra4 60. Nxc6 Rxc4+ 61. f4 a5 62. Bd5 Rc5 63. Kg5 Kg7 64. Be4 a4 65. Nb4 a3 66.
Na2 b5 67. Kg4 Rc4 68. Bd5 Rd4 69. Bb3 Rd2 70. f5 Rg2+ 71. Kf3 Rb2 72. f6+ Kf8
73. Bd5 b4 74. Nc1 Rb1 75. Nb3 a2 76. Ke4 Rxb3 0-1

[Event "IMSA Masters Blitz Women"]
[Site "Hengshui CHN"]
[Date "2019.05.18"]
[Round "17.6"]
[White "Stefanova, Antoaneta"]
[Black "Muzychuk, Mariya"]
[Result "1-0"]
[WhiteTitle "GM"]
[BlackTitle "GM"]
[WhiteElo "2470"]
[BlackElo "2563"]
[WhiteFideId "2902257"]
[BlackFideId "14114550"]
[EventDate "2019.05.17"]

1. d4 Nf6 2. Nc3 d5 3. Bf4 Bf5 4. e3 c6 5. f3 e6 6. g4 Bg6 7. h4 h5 8. g5 Nfd7
9. Bd3 Bxd3 10. Qxd3 g6 11. Nge2 Bg7 12. O-O-O c5 13. Nb5 c4 14. Qa3 Bf8 15. Bd6
Qb6 16. Nec3 a6 17. Bxf8 Rxf8 18. Nd6+ Kd8 19. e4 Kc7 20. Nxf7 Rxf7 21. exd5 Rf5
22. dxe6 Qxe6 23. d5 Qd6 24. Nb5+ axb5 25. Qxa8 Rxd5 26. Qa5+ Kc6 27. Rxd5 Qxd5
28. Qc3 Ne5 29. Rd1 Qe6 30. Re1 Nbd7 31. f4 b4 32. Qxb4 Qf5 33. fxe5 Nxe5 34.
Qe7 Nd7 35. Qe6+ 1-0